000
00289nam a22001337a 4500
008
170821b xxu||||| |||| 00| 0 eng d
020
_a
0697007391
041
_a
eng
080
_2
2ND
_a
51
100
_a
37
101
_a
MAT
245
_a
ELEMENTARY ALGEBRA
_c
WESNER,T.H
942
_2
udc
_c
BK
999
_c
24304
_d
24304